000
00349nam a2200133Ia 4500
008
151021s9999 xx 000 0 und d
020
_a
9966497676
050
_a
Pl8704 .Z 2011
245
_a
_Kipimo cha mizani Zainab W.Burhani
260
_a
Nairobi Longhorn 2011
300
_a
234p.
650
_a
_Mizani
980
_a
^d20130806 10:56:18^oanne
999
_c
14333
_d
14333